Normal view
MARC view
- Yasar Khan
Entry Personal Name
001 - CONTROL NUMBER
- control field: 100557
003 - CONTROL NUMBER IDENTIFIER
- control field: NUST
005 - DATE AND TIME OF LATEST TRANSACTION
- control field: 20221018090831.0
008 - FIXED-LENGTH DATA ELEMENTS
- fixed length control field: 221018|| aca||aabn | a|a d
040 ## - CATALOGING SOURCE
- Original cataloging agency: NUST
- Transcribing agency: NUST
100 ## - HEADING--PERSONAL NAME
- Personal name: Yasar Khan
670 ## - SOURCE DATA FOUND
- Source citation: Work cat.: (NUST)10505: Yasar Khan, Evaluation framework for semantic-enabled software engineering [Project MSIT-8], 2011.
